00329nam a2200133Ia 4500008004100000020001500041041001200056082001600068100002000084245004200104260002500146300000800171650001600179221030s9999 xx 000 0 und d a0074633112 aEnglish a105.23bBal aE. Balagurusamy 0aNumerical Methodscby E. Balagurusamy bTMHaNew Delhic1999 a608 aBE Computer